000 00349 a2200133 4500
000 nam a22 7a 4500
100 _aShaw, Dhananjoy
110 _aShaw, Dhananjoy
245 _aKinesiology of Exercise With Apparatus
250 _aLatest edition
260 _bKhel Sahitya Kendra
_c2025
264 _bKhel Sahitya Kendra
_c2025
942 _cBK
999 _c394169
_d394169